Online Catalogue and eLibrary

Advancing the human rights of women : (Record no. 542)

MARC details
000 -LEADER
fixed length control field 00562nam a22001817a 4500
005 - DATE AND TIME OF LATEST TRANSACTION
control field 20240305010108.0
008 - FIXED-LENGTH DATA ELEMENTS--GENERAL INFORMATION
fixed length control field 240304b |||||||| |||| 00| 0 eng d
020 ## - INTERNATIONAL STANDARD BOOK NUMBER
ISBN 0850925150
082 ## - DDC Classification
DDC Edition Number 22
Class No. 323.
Item Number - Author Mark ADV.
245 ## - TITLE STATEMENT
Title Advancing the human rights of women :
Remainder of title Using international human rights standards in domestic litigation /
260 ## - PUBLICATION, DISTRIBUTION, ETC.
Place of publication, distribution, etc. Hong Kong,
Name of publisher, distributor, etc. Center for Comparative and Public Law :
Date of publication, distribution, etc. 1997.
300 ## - PHYSICAL DESCRIPTION
Extent (e.g. Volumes, Pages etc.) 192, p.,
650 ## - SUBJECT ADDED ENTRY--TOPICAL TERM
Topical term or geographic name entry element Gender
700 ## - ADDED ENTRY--PERSONAL NAME
Personal name Byrnes, Andrew.
Relator term (Role) Editor
700 ## - ADDED ENTRY--PERSONAL NAME
Personal name Connors, Jane.
Relator term (Role) Editor
700 ## - ADDED ENTRY--PERSONAL NAME
Personal name Bik, Lum
Relator term (Role) Editor
942 ## - Koha item type (Biblio)
Koha item type Books in Stacks (Lending)
Holdings
Lost status Damaged status Collection code Home library Current library Date acquired Full call number Accession Number Item type
    Lending WERC Library WERC Library 03/05/2024 323. ADV. 6989 Books in Stacks (Lending)

© WERC Library